00404 a2200145 4500003000400000005001700004008004100021020001800062040000900080082001900089245008800108250001200196260003600208300001400244OSt20260310094250.0260310b |||||||| |||| 00| 0 eng d a9789334280074 coclc a297.265bTRI/M aMadhya nootantukalile shastra prathibhakal /cChief editor Abdul Jabbar Trippanachi a1st ed, aCalicut:bKavadam Books,c2025. a319 pages